Squadre - Europei 2012 - Statistics

Statistiche generali
  • Questo quiz è stato fatto 27 volte
  • Il punteggio medio è 15 su 16
Statistiche sulle risposte
Squadra % Corretto
Italia
100%
Polonia
100%
Portogallo
100%
Spagna
100%
Svezia
100%
Francia
96%
Germania
96%
Inghilterra
96%
Ucraina
96%
Grecia
92%
Irlanda
92%
Russia
92%
Croazia
88%
Paesi Bassi
88%
Repubblica Ceca
80%
Danimarca
76%
Nessun quiz corrispondente trovato
Distribuzione punteggi
Percentuale di utenti per punteggio
Percentile per numero di risposta
I tuoi punteggi nel tempo
Non hai fatto questo quiz